| 000 | 00720nab a2200313Ia 4500 | ||
|---|---|---|---|
| 001 | 2757 | ||
| 008 | 191123s9999 xx 000 0 und d | ||
| 041 | _aspa | ||
| 044 | _aag | ||
| 100 | _aGalli, Aldo, | ||
| 260 |
_aBuenos Aires : _b[s.n.], |
||
| 650 | _aARGENTINA | ||
| 650 | _aBIBLIOTECA NACIONAL, ARGENTINA | ||
| 650 | _aCENTRO CULTURAL BORGES. BUENOS AIRES | ||
| 650 | _aEXPOSICIONES | ||
| 650 | _aGRABADOS | ||
| 650 | _aPEYCERE, ENRIQUE | ||
| 650 | _aPINTURAS | ||
| 650 | _aSANTANDER, CRISTINA | ||
| 902 | _aS | ||
| 903 | _aa | ||
| 904 | _aas | ||
| 907 | _aImpreso | ||
| 920 | _a28-6-98 | ||
| 942 | _cANALITICA | ||
| 999 |
_c2440 _d2440 |
||
| 490 | 0 | _aLa Nación | |
| 245 | 0 | _aFestival de grabados | |